| 000 | 00369nam a2200157Ia 4500 | ||
|---|---|---|---|
| 005 | 20250423094729.0 | ||
| 008 | 250422s9999 xx 000 0 und d | ||
| 020 | _a978-13-235848-4 | ||
| 100 | _aTheodore L. Brown | ||
| 245 | 0 | _aChemistry : The Gentral Science | |
| 250 | _a11th ed. | ||
| 260 | _bPrentice Hall | ||
| 260 | _c2009 | ||
| 300 | _a1117 p | ||
| 942 | _cBK | ||
| 999 |
_c28121 _d28121 |
||